| 000 | 00394nam a2200157Ia 4500 | ||
|---|---|---|---|
| 003 | LK-CoDNM | ||
| 008 | 010623t1914 xxu||||| |||| 00| 1 eng d | ||
| 040 |
_aLK-CoDNM _dLK-CoDNM _eLK-CoDNM |
||
| 041 | _aeng | ||
| 080 |
_a50 _bC4 |
||
| 100 |
_aChelliah,J.V _eed. |
||
| 245 | _aJaffna College Miscellany | ||
| 260 |
_bAmerican Ceylon Mission _aJaffna _c1914 |
||
| 300 | _b31P., 20 cm | ||
| 942 | _cBK | ||
| 999 |
_c88007 _d88007 |
||